Score 0/34 Timer 04:00
3 Plays Today
Clue Answer % Correct
4-Letter LadderWINE
91.8%
4-Letter LadderSEND
89.7%
4-Letter LadderOVEN
87.3%
4-Letter LadderSEED
86.1%
4-Letter LadderSPED
84.6%
4-Letter Ladder ● OPEN ●
84.6%
4-Letter LadderSLID
81.9%
5-Letter LadderCRUST
81.5%
5-Letter LadderFLOWS
81.2%
5-Letter LadderCREST
80.9%
5-Letter LadderCLAWS
80.3%
4-Letter LadderSLED
80.1%
5-Letter Ladder ● FLOSS ●
79.2%
5-Letter LadderGROSS
79.1%
4-Letter LadderWIND
77.9%
5-Letter LadderGLOSS
77%
4-Letter LadderSLIT
76.7%
Clue Answer % Correct
5-Letter LadderFLAWS
76.4%
5-Letter LadderSLASH
75.4%
4-Letter LadderSIND
72.2%
5-Letter Ladder ● BRUSH ●
71.3%
5-Letter LadderCRUSH
69.9%
4-Letter LadderSEEN
68.7%
5-Letter LadderCLASH
66.4%
4-Letter Ladder ● WIDE ●
64.7%
5-Letter LadderCLASS
64.4%
5-Letter LadderCROSS
63.9%
5-Letter LadderCRESS
63.2%
4-Letter LadderSVEN
62.5%
4-Letter Ladder ● SPIT ●
61.9%
4-Letter LadderOPEC
54.8%
4-Letter LadderSPEC
52.8%
5-Letter LadderSWASH
17.7%
5-Letter Ladder ● SWISH ●
16.7%

Today's Daily Dose

Missing Word
I Hardly Know Her!

Word Ladder
Sentence Ending

Quick Pick
Female Firsts

Get the Picture
Triathlon Sports

Remove Ads.
Support Sporcle.
Get the best of Sporcle when you Go Orange. This ad-free experience offers more features, more stats, and more fun while also helping to support Sporcle. Thank you for becoming a member.

You're not logged in!

Compare scores with friends on all Sporcle quizzes.
OR
Log In

Show Comments

Extras

Top Quizzes Today


Score Distribution

Your Account Isn't Verified!

In order to create a playlist on Sporcle, you need to verify the email address you used during registration. Go to your Sporcle Settings to finish the process.

Report this User

Report this user for behavior that violates our Community Guidelines.

Details: